000 00714nam a22002057a 4500
999 _c20385
_d20385
005 20200221103637.0
008 190129b xxu||||| |||| 00| 0 spa d
040 _aCO-BoIAVH
_cCO-BoIAVH
041 _aspa
044 _ape
090 _aFG
_b0491
110 2 _aInstituto de Investigaciones de la Amazonía Peruana
245 _aAguaje:
_bLa maravillosa palmera de la Amazonía
260 _aPerú:
_bInstituto de Investigaciones de la amazonía Peruana,
_c2006.
300 _a51
_bfotografías a color, tablas.
_c17 x 25cm
650 0 _aFlora
_zAmazonía (Región, Perú)
650 0 _aFauna
_zAmazonía (Región, Perú)
650 0 _aFrutos nativos
_zAmazonia
942 _2z
_cFolleto